| 000 | 01398nam a2200313 a 4500 | ||
|---|---|---|---|
| 001 | 000035612 | ||
| 005 | 20250909091242.0 | ||
| 008 | 091106s1996 sp r 000 f spa d | ||
| 020 | _a8472327574 | ||
| 040 |
_aDO-SdBNP _bspa _cBNPHU |
||
| 082 |
_aRD863.3 _bG182e,1996 |
||
| 100 | 1 |
_aGalván, Manuel de J. _q(Manuel de Jesús) _d1834-1910 _928507 |
|
| 240 | 1 | 0 |
_aEnriquillo : _bleyenda histórica dominicana (1503-1538) _lEspañol |
| 245 | 1 | 0 |
_aEnriquillo : _bleyenda histórica dominicana 1503-1533 / _cManuel de Jesús Galván ; prólogo y notas de Marina Gálvez Acero. |
| 260 |
_aMadrid : _bEdiciones de Cultura Hipánica : _aAgencia Española de Cooperación Ineternacional, _c1996. |
||
| 300 |
_a585 p. ; _c22 cm. |
||
| 490 | 1 |
_aBiblioteca Literaria Iberoamericana y Filipina _v21: República Dominicana |
|
| 500 | _aIncluye apéndice : p. 579-585 | ||
| 500 | _aLa primera parte de esta obra salión a la luz en el año 1879 | ||
| 500 | _aIncluye notas al pie de las páginas | ||
| 504 | _aBibliografía p. 41-44 | ||
| 590 | _aInventariado, 2019/VM | ||
| 600 | 0 |
_aENRIQUILLO _cCACIQUE _d¿-1535 _914941 |
|
| 650 | 0 |
_aNovela histórica dominicana. _9860 |
|
| 650 | 0 |
_aLiteratura dominicana. _967 |
|
| 651 | 4 |
_aRepública Dominicana _xHistoria _y1503-1538 _914942 |
|
| 700 | 1 |
_aGálvez Acero, Marina, _epról. _961513 |
|
| 710 | 2 |
_aAgencia Española de Cooperación Internacional _934585 |
|
| 999 |
_c35103 _d35103 |
||